ՀՀ Գիտությունների ազգային ակադեմիայի հիմնարար գիտական գրադարան  =   Fundamental Scientific Library of NAS RA
Normal view MARC view

Entry Personal Name

Number of records used in: 45

001 - CONTROL NUMBER

  • control field: 2337

003 - CONTROL NUMBER IDENTIFIER

  • control field: AM-YEHGA

005 - DATE AND TIME OF LATEST TRANSACTION

  • control field: 20250617070435.0

008 - FIXED-LENGTH DATA ELEMENTS

  • fixed length control field: 051117 a|ac|n|aab||||||||||||a |n|||||||

040 ## - CATALOGING SOURCE

  • Original cataloging agency: AM-YEHGA

100 1# - HEADING--PERSONAL NAME

  • Personal name: Սահինյան, Անահիտ Արամի,
  • Dates associated with a name: 1917-2010

400 1# - SEE FROM TRACING--PERSONAL NAME

  • Personal name: Սահինյան, Անահիտ,
  • Dates associated with a name: 1917-2010

400 1# - SEE FROM TRACING--PERSONAL NAME

  • Personal name: Սահինյան, Ան.
  • Fuller form of name: (Անահիտ),
  • Dates associated with a name: 1917-2010

400 1# - SEE FROM TRACING--PERSONAL NAME

  • Personal name: Սահինյան, Ա.
  • Fuller form of name: (Անահիտ),
  • Dates associated with a name: 1917-2010

400 1# - SEE FROM TRACING--PERSONAL NAME

  • Personal name: Սահինեան, Անահիտ,
  • Dates associated with a name: 1917-2010

400 1# - SEE FROM TRACING--PERSONAL NAME

  • Personal name: Сагинян, Ананит Арамовна,
  • Dates associated with a name: 1917-2010

400 1# - SEE FROM TRACING--PERSONAL NAME

  • Personal name: Саинян, Анаит Арамовна,
  • Dates associated with a name: 1917-2010

400 1# - SEE FROM TRACING--PERSONAL NAME

  • Personal name: Sahinyan, Anahit Arami,
  • Dates associated with a name: 1917-2010

670 ## - SOURCE DATA FOUND

  • Source citation: Հայկական համառոտ հանրագիտարան, 2003 :
  • Information found: Հ. 4 (Սահինյան Անահիտ Արամի [ծ. 20.06.1917, գ. Վարդաբլուր (այժմ՝ ՀՀ Լոռու մարզում), արձակագիր, հրապարակախոս: Ալեքսանդր Սահինյանի քույրը):

670 ## - SOURCE DATA FOUND

  • Source citation: Հեյ, ճամփաներ, ճամփաներ : (Ուղեգրություններ), 1986 :
  • Information found: տիտղթ. (Անահիտ Արամի Սահինյան)

670 ## - SOURCE DATA FOUND

  • Source citation: Հռչակավոր բադիկ Տիմը : [Հեքիաթ], 1978 :
  • Information found: տիտղթ. (ռուս. թարգմ.՝ Անահիտ Սահինյան)

670 ## - SOURCE DATA FOUND

  • Source citation: Ծարավ : Վեպ, 1959 :
  • Information found: տիտղթ. (Ան. Սահինյան)

670 ## - SOURCE DATA FOUND

  • Source citation: Тоска : Роман, 1990 :
  • Information found: т.л. (Анаит Арамовна Саинян)


ՀՀ ԳԱԱ հիմնարար գիտական գրադարան
ՀՀ,Երևան 0019
Մարշալ Բաղրամյան 24/6
հեռախոս:(374-10) 52-47-50
Հետադարձ կապ

All site content, except where otherwise noted, is licensed under a
Creative Commons License